000 01358nam a22003737a 4500
003 CHAP
005 20220329135437.0
008 971013s1976 r 00010 d
010 _a36567
011 _a37539
035 _a41659
040 _cCHAP
090 _aTesis
100 0 0 _aOrtega Hernández, Andrés.
_983808
245 _aPatrones históricos y económicos en la producción de caña de azúcar en el sistema de riego Culiacán, Sin.
260 _aChapingo, Méx. :
_bEl autor,
_c1976
300 _a150 h.
502 _aTesis (M. C. Esp. en Economía Agrícola) -- ENA. Colegio de Postgraduados. Centro de Economía Agrícola
590 _aALEPH
_b10
_c20130110
_lUCH01
_h1301
590 _aBATCH-UPD
_b10
_c20130110
_lUCH01
_h0019
590 _aBATCH-UPD
_b10
_c20130110
_lUCH01
_h1612
590 _aBATCH-UPD
_b10
_c20130409
_lUCH01
_h1958
590 _aBATCH-UPD
_b10
_c20130410
_lUCH01
_h1007
590 _aBATCH-UPD
_b10
_c20130914
_lUCH01
_h0835
590 _aCONVERSION
_b10
_c20130109
_lUCH01
_h1320
650 1 4 _aCaña de azúcar
_xRendimiento.
_918643
650 1 4 _aCaña de azúcar
_xSinaloa.
_918647
650 1 4 _aDistrito de Riego Culiacán, Sin.
_932865
901 _aBK
942 _cFOLL
949 _bBC
_cTES
_d-95640
_eTS1
_i41659
_si
949 _bBC
_cTES
_d-95641
_eTS2
_fc.2
_i41659
_si
949 _bBC
_cTES
_d-95643
_eTS2
_fc.3
_i41659
_si
999 _c36567
_d36567